00376nam a2200121Ia 4500003000400000005001700004008004100021040001800062041000800080100003500088245009500123260003600218OSt20260202112802.0211028s2019 xx 000 0 und d cAIMIT LIBRARY aeng aAnanya, Thomas, Babu.g1716020 aStudy on employees health and safety measures at Shahi exports private Limited Bangalore / aBangalorebRavi Kudtarkarc2019